| 000 | 00847aam a2200301 i 4500 | ||
|---|---|---|---|
| 001 | 768714001 | ||
| 003 | CO-MdFUSB | ||
| 005 | 20250526094228.0 | ||
| 007 | ta | ||
| 008 | 250522t1997 -us||||| |||| 00| 0 spa d | ||
| 020 | _a0-7899-0385-7 | ||
| 040 | _cCO-MdFUSB | ||
| 041 | 0 | _aspa | |
| 082 | 0 | 4 |
_223 _a248.4 _bM6121c |
| 100 | 1 |
_aMeyer, Joyce _eautor |
|
| 245 | 1 | 0 |
_aEl campo de batalla de la mente _c/ Joyce Meyer ; traducido por Alicia Valdés Dapena |
| 264 | 1 |
_bUnilit, _aMiami, FL., USA : Unilit _c[1997] |
|
| 264 | 4 | _c©1997 | |
| 300 | _a259 páginas | ||
| 336 |
_atexto _btxt _2rdacontent |
||
| 337 |
_2rdamedia _asin mediación _bn |
||
| 338 |
_2rdacarrier _avolumen _bnc |
||
| 563 | _aRústico | ||
| 650 | 1 | 0 |
_aVida cristiana _919 |
| 700 |
_aValdés Dapena, Alicia, _98601 _etraductor |
||
| 942 | _cBK | ||
| 945 | _aElías Tolentino | ||
| 999 |
_c31996 _d31996 |
||